Lenguaje jurídico claro. Teoría y práctica en el derecho chileno.
Na minha lista:
| Autor principal: | |
|---|---|
| Outros Autores: | , , , , , |
| Formato: | Livro |
| Publicado em: |
Santiago, Chile
Ediciones DER,
2024.
|
| Edição: | Primera edición |
| coleção: | Monografías
|
| Assuntos: | |
| Tags: |
Adicionar Tag
Sem tags, seja o primeiro a adicionar uma tag!
|
MARC
| LEADER | 00000nam a22000007a 4500 | ||
|---|---|---|---|
| 003 | CL-VaPUC | ||
| 005 | 20250317120237.0 | ||
| 008 | 240729t2024 ||||| |||| 00| 0 eng d | ||
| 999 | |c 444274 |d 444272 | ||
| 020 | |a 978-956-405-187-1 | ||
| 040 | |c Pontificia Universidad Católica de Valparaíso | ||
| 082 | 7 | |2 22 |a 340.11 POB 2024 | |
| 100 | |9 819342 |a Poblete Olmedo, Claudia Andrea |e coordinadora | ||
| 245 | |a Lenguaje jurídico claro. |b Teoría y práctica en el derecho chileno. | ||
| 250 | |a Primera edición | ||
| 260 | |a Santiago, Chile |b Ediciones DER, |c 2024. | ||
| 300 | |a 278 páginas | ||
| 490 | |a Monografías | ||
| 500 | |a c.1 Donación Profesora Claudia Poblete Olmedo. Escuela de Derecho 29/07/2024 c.2-3. Donación Srs.Jonathan Campos y Leonardo Riquelme. MEMO Nº038 - Biblioteca DER 16-9-2024 | ||
| 505 | |a Lenguaje claro / Claudia Poblete Olmedo La urgencia del uso del lenguaje claro en el ámbito jurídico / José Luis Alliende Leiva Lenguaje claro y género gramatical en español: masculino genérico, masculino ampliado y género inclusivo / Guillermo Soto Vergara La enseñanza del lenguaje claro en la formación jurídica, avances y retrocesos / José Luis Guerrero Becar Problemas y soluciones en la redacción jurídica: 1.Escribir con claridad. Problemas en la redacción jurídica / Claudia Poblete Olmedo y Carlos Vergara Barrales 2.Escribir con claridad. Aspectos formales: puntuación y ortografía en contexto jurídico / Claudia Poblete Olmedo y Carlos Vergara Barrales 3.Escribir con claridad. Recomendaciones y criterios de claridad para la redacción de documentos jurídicos /Claudia Poblete Olmedo 4.Escribir con claridad: consultas frecuentes / Walter de la Rivera Ledesma Recepción del lenguaje claro en el ordenamiento jurídico chileno / José Luis Alliende Becar | ||
| 583 | |c 20240729 |k Angela Raggi | ||
| 650 | 0 | |9 430788 |a Derecho |x Lenguaje |y Escritura | |
| 650 | 0 | |9 890368 |a Redacción jurídica | |
| 650 | 0 | |9 355371 |a Ordenamiento jurídico |v Redacción jurídica |y Chile | |
| 700 | |9 890366 |a Alliende Leiva, José Luis |e autor | ||
| 700 | |9 814269 |a Guerrero Becar, José Luis |e autor | ||
| 700 | |9 819340 |a Rivera Ledesma, Walter Antonio de la |e autor | ||
| 700 | |9 432849 |a Soto Vergara, Guillermo |e autor | ||
| 700 | |9 860466 |a Vergara Barrales, Carlos Cristóbal Octavio |e autor | ||
| 700 | |9 890367 |a Muñoz Machado, Santiago |e prólogo | ||
| 942 | |2 ddc |c BK | ||
| 952 | |0 0 |1 0 |2 ddc |4 0 |6 340_110000000000000_POB_2024 |7 1 |8 C_LRYV |9 596102 |a BIBDER |b BIBDER |d 2024-07-29 |e Donación |i 5661607 |l 2 |m 1 |o 340.11 POB 2024 |p 5661607 |r 2024-09-23 |s 2024-08-16 |t 1 |w 2024-07-29 |y BK_X |k BRV | ||
| 952 | |0 0 |1 0 |2 ddc |4 0 |6 340_110000000000000_POB_2024 |7 0 |8 A |9 596916 |a BIBDER |b BIBDER |d 2024-09-23 |e Donación |i 5662816 |l 5 |o 340.11 POB 2024 |p 5662816 |r 2025-04-10 |s 2025-04-03 |t 2 |w 2024-09-23 |y BK |k DER | ||
| 952 | |0 0 |1 0 |2 ddc |4 0 |6 340_110000000000000_POB_2024 |7 0 |8 A |9 596917 |a BIBDER |b BIBDER |d 2024-09-23 |e Donación |i 5662817 |l 1 |o 340.11 POB 2024 |p 5662817 |r 2025-04-07 |s 2025-04-04 |t 3 |w 2024-09-23 |y BK |k DER | ||
| 952 | |0 0 |1 0 |2 ddc |4 0 |6 340_110000000000000_POB_2024 |7 0 |8 A |9 597088 |a BIBDER |b BIBDER |d 2024-09-30 |e 22 |g 33001.00 |i 5662872 |l 1 |o 340.11 POB 2024 |p 5662872 |r 2025-04-08 |s 2025-04-07 |t 4 |v 33001.00 |w 2024-09-30 |y BK |k DER | ||
| 952 | |0 0 |1 0 |2 ddc |4 0 |6 340_110000000000000_POB_2024 |7 0 |8 A |9 597089 |a BIBDER |b BIBDER |d 2024-09-30 |e 22 |g 33001.00 |i 5662873 |l 2 |o 340.11 POB 2024 |p 5662873 |r 2025-04-17 |s 2025-04-10 |t 5 |v 33001.00 |w 2024-09-30 |y BK |k DER | ||